[Event "U-2000 mot TR 2016"]
[Site "Reykjavik"]
[Date "2016.11.16"]
[Round "4"]
[White "Ingvarsson, Kjartan"]
[Black "Baldursson, Haraldur"]
[Result "0-1"]
[WhiteElo "1822"]
[BlackElo "1957"]
[PlyCount "88"]
[EventDate "2016.10.26"]
[EventType "swiss"]
[EventRounds "7"]
[EventCountry "ISL"]

1. d4 Nf6 2. c4 e6 3. Bg5 d5 4. Nc3 Nbd7 5. f3 Be7 6. e4 dxe4 7. Bxf6 Nxf6 8.
fxe4 O-O 9. Nf3 c5 10. d5 exd5 11. cxd5 Ng4 12. Bd3 Re8 13. Qd2 Bf6 14. O-O c4
15. Bxc4 Qb6+ 16. Kh1 Ne3 17. Bb5 Nxf1 18. Rxf1 Bxc3 19. Qd3 Rd8 20. bxc3 Bd7
21. Bc4 Be8 22. e5 Rac8 23. e6 fxe6 24. Ng5 Bg6 25. Qe2 exd5 26. Bb3 Kh8 27.
Qf3 Qf6 28. Qxf6 gxf6 29. Rxf6 Rxc3 30. h4 Kg7 31. Rf4 Rd6 32. Rd4 h6 33. Nf3
Be4 34. Ne5 Rh3+ 35. Kg1 Rxh4 36. Bc2 Rh5 37. Nc4 Rc6 38. Bxe4 Rxc4 39. Rxd5
Rxd5 40. Bxd5 Rb4 41. Kf2 Kf6 42. Ke3 Ke5 43. Bb3 b6 44. Kd3 Rg4 0-1

[Event "U-2000 mot TR 2016"]
[Site "Reykjavik"]
[Date "2016.11.16"]
[Round "4"]
[White "Fivelstad, Jon Olav"]
[Black "Kolka, Dawid"]
[Result "0-1"]
[WhiteElo "1918"]
[BlackElo "1907"]
[PlyCount "112"]
[EventDate "2016.10.26"]
[EventType "swiss"]
[EventRounds "7"]
[EventCountry "ISL"]

1. c4 c6 2. g3 d5 3. b3 Nf6 4. Bb2 Bg4 5. Bg2 e6 6. Nf3 Nbd7 7. O-O Bd6 8. d3
O-O 9. Nbd2 Qc7 10. Qc2 Rfe8 11. e4 dxe4 12. dxe4 Ne5 13. c5 Nxf3+ 14. Nxf3 Be7
15. Qc3 Bf8 16. Ne5 Bh5 17. b4 Red8 18. Rfe1 Nd7 19. Nc4 b6 20. Nd6 bxc5 21.
bxc5 Rab8 22. Bc1 Bxd6 23. cxd6 Qxd6 24. e5 Qc5 25. Bd2 Qxc3 26. Bxc3 c5 27. h3
Nb6 28. Ba5 Rdc8 29. Rac1 Bg6 30. Red1 h6 31. Rd6 Rc7 32. Kf1 c4 33. Ke1 Rc5
34. Bc3 Bd3 35. Bf1 Bxf1 36. Kxf1 Rbc8 37. Ke2 Nd5 38. f4 Rb5 39. Kd2 Kf8 40.
Ra6 Rc7 41. Bd4 Nb6 42. Bxb6 axb6 43. Kc3 Ke7 44. Rc2 g5 45. Rd2 Rb1 46. Rb2
Rg1 47. Raxb6 Rxg3+ 48. Kb4 gxf4 49. Rc2 Rxh3 50. a4 Rb3+ 51. Ka5 Rb7 52. Rb5
Ra7+ 53. Kb6 Rxa4 54. Rxc4 Rxb5+ 55. Kxb5 Rxc4 56. Kxc4 f6 0-1

[Event "U-2000 mot TR 2016"]
[Site "Reykjavik"]
[Date "2016.11.16"]
[Round "4"]
[White "Geirsson, Kristjan"]
[Black "Holm, Fridgeir K"]
[Result "0-1"]
[WhiteElo "1610"]
[BlackElo "1739"]
[PlyCount "46"]
[EventDate "2016.10.26"]
[EventType "swiss"]
[EventRounds "7"]
[EventCountry "ISL"]

1. e4 e5 2. Nf3 Nc6 3. Bb5 a6 4. Ba4 Nf6 5. O-O Be7 6. Re1 b5 7. Bb3 O-O 8. c3
d5 9. exd5 Nxd5 10. Nxe5 Nxe5 11. Rxe5 Nf6 12. d4 Bd6 13. Re1 Ng4 14. g3 Nxh2
15. Qh5 Ng4 16. Bd5 Rb8 17. Bg5 Qd7 18. Kg2 Bxg3 19. Bxf7+ Rxf7 20. Kxg3 Nxf2
21. Re3 Bb7 22. Nd2 Qd6+ 23. Re5 Nd3 0-1

[Event "U-2000 mot TR 2016"]
[Site "Reykjavik"]
[Date "2016.11.16"]
[Round "4"]
[White "Thorsteinsson, Hilmar"]
[Black "Vignisson, Ingvar Egill"]
[Result "1-0"]
[WhiteElo "1800"]
[BlackElo "1554"]
[PlyCount "110"]
[EventDate "2016.10.26"]
[EventType "swiss"]
[EventRounds "7"]
[EventCountry "ISL"]

1. d4 d5 2. c4 c6 3. cxd5 cxd5 4. Nc3 Nf6 5. Bg5 e6 6. e4 dxe4 7. Bb5+ Bd7 8.
Bxd7+ Nbxd7 9. Nxe4 Be7 10. Nxf6+ Nxf6 11. Nf3 O-O 12. O-O Nd5 13. Bxe7 Nxe7
14. Qb3 Qd6 15. Rac1 b6 16. Rc4 Rac8 17. Rfc1 Rxc4 18. Qxc4 Rd8 19. Kf1 g6 20.
Qc7 a5 21. Ke2 Nd5 22. Qxd6 Rxd6 23. g3 Kg7 24. a3 f6 25. Nd2 Kf7 26. Ne4 Rd7
27. Rc6 Ke7 28. f4 Rc7 29. Rxc7+ Nxc7 30. a4 f5 31. Nc3 Kd6 32. Kd3 Ne8 33. Kc4
Kc6 34. d5+ exd5+ 35. Nxd5 Nd6+ 36. Kd4 Nf7 37. Ne3 Nd6 38. Nc4 Ne4 39. Ne5+
Kd6 40. Kc4 Nf6 41. Kb5 Kc7 42. Nc4 Nd5 43. Nxa5 bxa5 44. Kxa5 Kb7 45. Kb5 Ne3
46. b4 Nf1 47. a5 Nxh2 48. Kc5 Nf1 49. b5 Nxg3 50. a6+ Kb8 51. b6 Ne2 52. Kc6
Nd4+ 53. Kd5 Nb5 54. Kc6 Na7+ 55. bxa7+ Kxa7 1-0

[Event "U-2000 mot TR 2016"]
[Site "Reykjavik"]
[Date "2016.11.16"]
[Round "4"]
[White "Magnusdottir, Veronika Steinun"]
[Black "Stefansson, David"]
[Result "1-0"]
[WhiteElo "1778"]
[BlackElo "1595"]
[PlyCount "89"]
[EventDate "2016.10.26"]
[EventType "swiss"]
[EventRounds "7"]
[EventCountry "ISL"]

1. e4 e6 2. d4 d5 3. Nd2 Nf6 4. e5 Nfd7 5. Bd3 c5 6. c3 Nc6 7. Ne2 cxd4 8. cxd4
f6 9. Nf4 Qe7 10. exf6 Nxf6 11. Nb3 Qc7 12. O-O Bd6 13. g3 O-O 14. Bd2 e5 15.
dxe5 Nxe5 16. Rc1 Qf7 17. Nd4 g5 18. Bf5 gxf4 19. Rxc8 Kh8 20. Rxa8 Rxa8 21.
Bxf4 Nc4 22. Bxd6 Nxd6 23. Be6 Qg6 24. Nf3 Qh5 25. Nd4 Qg5 26. Re1 Nde4 27. Qb3
Nxf2 28. Kxf2 Qd2+ 29. Re2 Ne4+ 30. Kg2 Qxd4 31. Qxb7 Rf8 32. Qe7 Rf2+ 33. Rxf2
Qxf2+ 34. Kh3 Qf1+ 35. Kh4 Qf6+ 36. Qxf6+ Nxf6 37. Kg5 Kg7 38. Kf5 d4 39. Bc4
h5 40. h4 a5 41. Ke5 Nd7+ 42. Kxd4 Kf6 43. Be2 Kg6 44. Kc4 Ne5+ 45. Kb5 1-0

[Event "U-2000 mot TR 2016"]
[Site "Reykjavik"]
[Date "2016.11.16"]
[Round "4"]
[White "Briem, Stephan"]
[Black "Aronsson, Gudmundur"]
[Result "1-0"]
[WhiteElo "1594"]
[BlackElo "1767"]
[PlyCount "47"]
[EventDate "2016.10.26"]
[EventType "swiss"]
[EventRounds "7"]
[EventCountry "ISL"]

1. d4 d5 2. c4 Nf6 3. Nc3 e6 4. cxd5 Nxd5 5. e4 Nxc3 6. bxc3 Bd7 7. Nf3 Be7 8.
Bd3 f5 9. Ne5 O-O 10. exf5 Be8 11. Bc4 Nd7 12. Bxe6+ Kh8 13. O-O Nxe5 14. dxe5
Qxd1 15. Rxd1 Bc6 16. Be3 b6 17. f3 Rad8 18. Kf2 Ba3 19. Bg5 Rde8 20. Rd2 h6
21. Bf4 g5 22. Be3 g4 23. Bxh6 Rxe6 24. Bxf8 1-0

[Event "U-2000 mot TR 2016"]
[Site "Reykjavik"]
[Date "2016.11.16"]
[Round "4"]
[White "Thorsteinsson, Leifur"]
[Black "Haraldsson, Oskar"]
[Result "0-1"]
[WhiteElo "1541"]
[BlackElo "1732"]
[PlyCount "64"]
[EventDate "2016.10.26"]
[EventType "swiss"]
[EventRounds "7"]
[EventCountry "ISL"]

1. d4 f5 2. c4 e6 3. Nc3 d5 4. cxd5 exd5 5. Nf3 Nf6 6. Bf4 Bd6 7. Bxd6 Qxd6 8.
e3 c6 9. Bd3 O-O 10. O-O Ne4 11. Ne5 Nd7 12. Nxd7 Bxd7 13. f3 Ng5 14. Qc2 g6
15. Qf2 Rae8 16. Rae1 Re7 17. Qh4 Qf6 18. Qf4 Ne6 19. Qg3 Nxd4 20. Kh1 f4 21.
Qf2 fxe3 22. Rxe3 Rfe8 23. Rfe1 Ne6 24. Re5 Nf4 25. Rxe7 Rxe7 26. Rxe7 Qxe7 27.
Bc2 b6 28. h3 Qe5 29. Qh4 Kg7 30. Qd8 Bxh3 31. gxh3 Qe1+ 32. Kh2 Qf2+ 0-1

[Event "U-2000 mot TR 2016"]
[Site "Reykjavik"]
[Date "2016.11.16"]
[Round "4"]
[White "Thorarensen, Adalsteinn"]
[Black "Magnusson, Thorsteinn"]
[Result "1-0"]
[WhiteElo "1714"]
[BlackElo "1379"]
[PlyCount "41"]
[EventDate "2016.10.26"]
[EventType "swiss"]
[EventRounds "7"]
[EventCountry "ISL"]

1. e4 e6 2. d4 d5 3. e5 c5 4. c3 Nc6 5. Nf3 Qb6 6. a3 cxd4 7. cxd4 Bd7 8. b4
Nh6 9. Bb2 Be7 10. Nc3 f6 11. Na4 Qc7 12. Rc1 a6 13. Bd3 fxe5 14. Nxe5 b5 15.
Qh5+ Kd8 16. Nc5 Bxc5 17. Rxc5 Rc8 18. Bxh7 Rxh7 19. Qg6 Nxe5 20. Qg5+ Ke8 21.
Rxc7 1-0

[Event "U-2000 mot TR 2016"]
[Site "Reykjavik"]
[Date "2016.11.16"]
[Round "4"]
[White "Bjarnason, Larus H"]
[Black "Heidarsson, Arnar"]
[Result "0-1"]
[WhiteElo "1594"]
[BlackElo "1358"]
[PlyCount "58"]
[EventDate "2016.10.26"]
[EventType "swiss"]
[EventRounds "7"]
[EventCountry "ISL"]

1. e4 e5 2. Nf3 Nc6 3. Bc4 Bc5 4. O-O Nf6 5. Nc3 d6 6. h3 O-O 7. Re1 a6 8. a3
b5 9. Ba2 Bb7 10. d3 h6 11. Nd5 Re8 12. c3 Ba7 13. b4 Nb8 14. Ne3 Nbd7 15. Nf5
d5 16. Qb3 c5 17. Bb1 c4 18. Qd1 cxd3 19. exd5 Bxd5 20. Be3 Qc7 21. Qc1 Bxe3
22. Rxe3 e4 23. N3d4 Rac8 24. Rg3 Qxc3 25. Rxg7+ Kf8 26. Rxf7+ Kxf7 27. Nd6+
Kg6 28. Qxc3 Rxc3 29. Nxe8 Nxe8 0-1

[Event "U-2000 mot TR 2016"]
[Site "Reykjavik"]
[Date "2016.11.16"]
[Round "4"]
[White "Thorsson, Pall"]
[Black "Kristjansson, Halldor Atli"]
[Result "1-0"]
[WhiteElo "1771"]
[BlackElo "1412"]
[PlyCount "57"]
[EventDate "2016.10.26"]
[EventType "swiss"]
[EventRounds "7"]
[EventCountry "ISL"]

1. e4 c5 2. Nc3 d6 3. g3 e6 4. Bg2 Nf6 5. Nge2 Qc7 6. O-O Be7 7. d3 O-O 8. f4
Nbd7 9. h3 Rb8 10. g4 h6 11. Ng3 Nh7 12. a4 a6 13. Nh5 Ndf6 14. g5 Nxh5 15.
Qxh5 hxg5 16. fxg5 Qd8 17. h4 b6 18. Rxf7 Rxf7 19. g6 Rf1+ 20. Kxf1 Nf6 21. Qf3
Bb7 22. Bg5 Qf8 23. Ke2 Bc6 24. Bh3 Bd7 25. Rf1 b5 26. Nd5 exd5 27. Bxd7 dxe4
28. Be6+ Kh8 29. dxe4 1-0

[Event "U-2000 mot TR 2016"]
[Site "Reykjavik"]
[Date "2016.11.16"]
[Round "4"]
[White "Jonasson, Hordur"]
[Black "Haile, Batel Goitom"]
[Result "1-0"]
[WhiteElo "1532"]
[BlackElo "1297"]
[PlyCount "115"]
[EventDate "2016.10.26"]
[EventType "swiss"]
[EventRounds "7"]
[EventCountry "ISL"]

1. e4 c5 2. Nf3 d6 3. Bb5+ Bd7 4. Bxd7+ Nxd7 5. d3 Ngf6 6. Bg5 h6 7. Bh4 e5 8.
Nc3 Be7 9. Qd2 Nb6 10. a4 a5 11. Nb5 Qd7 12. h3 Nxa4 13. Bxf6 Bxf6 14. Nxd6+
Qxd6 15. Rxa4 b6 16. O-O O-O 17. c3 b5 18. Raa1 Rfd8 19. Rfd1 a4 20. Qe2 Qe6
21. d4 exd4 22. e5 Bxe5 23. Qxe5 Qxe5 24. Nxe5 dxc3 25. Rxd8+ Rxd8 26. bxc3 Ra8
27. Nd3 c4 28. Nb4 Kf8 29. Nc2 Ke7 30. Na3 Ra5 31. Rb1 Kd6 32. Nxb5+ Kc5 33.
Na3 Kd5 34. Rb4 Ke4 35. Nxc4 Ra6 36. Nb2+ Kd5 37. Nxa4 Kc6 38. Kf1 Kd5 39. Ke2
Re6+ 40. Kd2 Ke5 41. f3 Rd6+ 42. Ke2 Kf5 43. g4+ Kg5 44. Rd4 Re6+ 45. Re4 Rc6
46. f4+ Kh4 47. Kf3 Kxh3 48. Re1 Kh2 49. Re2+ Kg1 50. Rc2 Rd6 51. Nc5 Rd5 52.
Ne4 Rd3+ 53. Ke2 Rh3 54. c4 Ra3 55. c5 Ra8 56. c6 Rc8 57. c7 g6 58. Nd6 1-0

[Event "U-2000 mot TR 2016"]
[Site "Reykjavik"]
[Date "2016.11.16"]
[Round "4"]
[White "Birkisdottir, Freyja"]
[Black "Sigurvaldason, Hjalmar"]
[Result "1-0"]
[WhiteElo "1186"]
[BlackElo "1495"]
[PlyCount "89"]
[EventDate "2016.10.26"]
[EventType "swiss"]
[EventRounds "7"]
[EventCountry "ISL"]

1. e4 c5 2. Nf3 d6 3. d4 cxd4 4. Nxd4 Nf6 5. Nc3 a6 6. g3 b5 7. a3 Bb7 8. Bg2
e6 9. Bg5 h6 10. Be3 Qc7 11. O-O Nbd7 12. Re1 O-O-O 13. f3 Nb6 14. Ndxb5 axb5
15. Nxb5 Qc4 16. Bf1 Qa4 17. Bxb6 Be7 18. Na7+ Kb8 19. Bb5 Qxa7 20. Bxa7+ Kxa7
21. Qd4+ Kb8 22. Qb6 Nd7 23. Bxd7 Rxd7 24. Re3 Rc8 25. Rc3 Rxc3 26. bxc3 Rc7
27. Rb1 d5 28. Kh1 dxe4 29. fxe4 Kc8 30. h4 Bxe4+ 31. Kh2 Rb7 32. Qa6 Kb8 33.
Rxb7+ Bxb7 34. Qb5 Bd8 35. Qe8 Kc8 36. Qxf7 Bd5 37. Qxg7 h5 38. Qh8 Kd7 39.
Qxh5 Be7 40. a4 Kd6 41. a5 Bf6 42. a6 Bxc3 43. Qe8 Bd4 44. Qb8+ Kd7 45. a7 1-0

[Event "U-2000 mot TR 2016"]
[Site "Reykjavik"]
[Date "2016.11.16"]
[Round "4"]
[White "Briem, Benedikt"]
[Black "Johannsson, Johann Bernhard"]
[Result "0-1"]
[WhiteElo "1077"]
[BlackElo "1426"]
[PlyCount "61"]
[EventDate "2016.10.26"]
[EventType "swiss"]
[EventRounds "7"]
[EventCountry "ISL"]

1. d4 d5 2. Bf4 c5 3. e3 cxd4 4. exd4 Nc6 5. c3 Nf6 6. Bd3 Qb6 7. Qb3 Bd7 8.
Qxb6 axb6 9. Bc7 Na5 10. Bxb6 Nb3 11. axb3 Rxa1 12. Nf3 Ra2 13. O-O Bc6 14. b4
Nd7 15. Bc7 b5 16. Ba5 Rxb2 17. Nbd2 Ra2 18. Rb1 e6 19. Rb3 Be7 20. Bb1 Ra1 21.
Rb2 Bd8 22. Nb3 Ra3 23. Nfd2 Nb6 24. Ba2 Nc4 25. Rc2 Bxa5 26. bxa5 Nxd2 27.
Rxd2 Ke7 28. Kf1 Rc8 29. Ke2 Be8 30. Kd3 f6 31. f4 0-1

[Event "U-2000 mot TR 2016"]
[Site "Reykjavik"]
[Date "2016.11.16"]
[Round "4"]
[White "Kristofersson, Sindri Snaer"]
[Black "Thorsteinsdottir, Svava"]
[Result "1/2-1/2"]
[WhiteElo "1172"]
[BlackElo "1335"]
[PlyCount "134"]
[EventDate "2016.10.26"]
[EventType "swiss"]
[EventRounds "7"]
[EventCountry "ISL"]

1. d4 d5 2. c4 c6 3. Nf3 Nf6 4. e3 e6 5. Nc3 Nbd7 6. Bd2 b6 7. Bd3 Bd6 8. O-O
Bb7 9. Re1 c5 10. cxd5 Nxd5 11. Nxd5 Bxd5 12. e4 Bb7 13. Bc3 O-O 14. Bb5 Rc8
15. dxc5 Nxc5 16. e5 Bb8 17. Qxd8 Rfxd8 18. Nd4 a6 19. Bf1 Na4 20. Rac1 Nxc3
21. bxc3 Rc5 22. f4 Ba7 23. Red1 b5 24. Kh1 Rcd5 25. h3 Bxd4 26. Rxd4 h6 27.
Rxd5 exd5 28. Rb1 Re8 29. a4 Bc6 30. axb5 axb5 31. Bxb5 Rc8 32. Bxc6 Rxc6 33.
Rb8+ Kh7 34. Rb3 Rc4 35. g3 Kg6 36. Kg2 Kf5 37. Kf3 g5 38. g4+ Kg6 39. f5+ Kg7
40. Ke3 Re4+ 41. Kd3 Rxe5 42. Kd4 Re4+ 43. Kxd5 Re3 44. Rb4 Rxc3 45. Ke5 Re3+
46. Re4 Rxh3 47. f6+ Kg6 48. Rc4 Rf3 49. Rc6 Rf4 50. Rb6 Rxg4 51. Rb8 Kh7 52.
Rf8 Kg6 53. Rg8+ Kh5 54. Rg7 Rf4 55. Rxf7 Kg4 56. Rf8 h5 57. f7 h4 58. Ke6 Re4+
59. Kf6 h3 60. Rg8 Rf4+ 61. Kg6 Kg3 62. f8=Q Rxf8 63. Rxf8 h2 64. Rh8 g4 65.
Kg5 Kg2 66. Kxg4 h1=Q 67. Rxh1 Kxh1 1/2-1/2

[Event "U-2000 mot TR 2016"]
[Site "Reykjavik"]
[Date "2016.11.16"]
[Round "4"]
[White "Kristbergsson, Bjorgvin"]
[Black "Alexandersson, Orn"]
[Result "0-1"]
[WhiteElo "1081"]
[BlackElo "1217"]
[PlyCount "56"]
[EventDate "2016.10.26"]
[EventType "swiss"]
[EventRounds "7"]
[EventCountry "ISL"]

1. c4 e5 2. e4 Nf6 3. Nc3 Bc5 4. Qe2 Nc6 5. Nf3 O-O 6. d3 d6 7. h3 h6 8. a3 Be6
9. g4 Nxg4 10. hxg4 Bxg4 11. Bxh6 Nd4 12. Qd1 Nxf3+ 13. Ke2 Nd4+ 14. Kd2 Bxd1
15. Nxd1 gxh6 16. Rg1+ Kh7 17. Kc3 b5 18. b4 Bb6 19. Ne3 Nf3 20. Rg3 Bd4+ 21.
Kc2 Bxa1 22. Rxf3 bxc4 23. Bh3 cxd3+ 24. Kxd3 d5 25. Bf5+ Kh8 26. Rh3 dxe4+ 27.
Ke2 Qd3+ 28. Ke1 Bc3# 0-1